Uplatnenie metód reverzného inžinierstva pri opravách strojov

Gespeichert in:
Bibliographische Detailangaben
1. Verfasser: Zelenka, Michal (Verfasst von)
Weitere Verfasser: Červeňan, Andrej (Betreuung Doktorarbeit)
Format: Manuskript Buch
Sprache:Slowakisch
Veröffentlicht: 2018
Schlagworte:
Online-Zugang:http://is.stuba.sk/zp/portal_zp.pl?podrobnosti=133310
Tags: Tag hinzufügen
Keine Tags, Fügen Sie das erste Tag hinzu!

MARC

LEADER 00000ntm a22000003a 4500
001 stuzp70584
003 SK-STU
005 20180820162054.7
007 ta
008 150427s2015----xo-----f-mn---000-0-slo-d
040 |a STU  |b slo 
041 0 |a slo 
100 1 |a Zelenka, Michal  |u 020070  |4 aut  |U SjF Strojnícka fakulta  |T SjF Ústav výrobných systémov, enviromentálnej techniky a manažment kvality  |X 81726  |U J0070  |Y 804  |7 81726 
242 0 1 |a Application of reverse engineering for machine repairs  |y eng 
245 1 0 |a Uplatnenie metód reverzného inžinierstva pri opravách strojov 
260 |c 2018 
650 4 |a 3D tlač  |2 slo 
650 4 |a reverzné inžinierstvo  |2 slo 
650 4 |a 3D skenovanie  |2 slo 
650 4 |a opravy strojov  |2 slo 
650 4 |a reverse engineering  |2 eng 
650 4 |a 3D scanning  |2 eng 
650 4 |a machine repairs  |2 eng 
650 4 |a 3D printing  |2 eng 
700 1 |a Červeňan, Andrej  |u 020070  |k Z1  |4 ths  |U SjF Strojnícka fakulta  |T SjF Ústav výrobných systémov, enviromentálnej techniky a manažment kvality  |X 2273  |U J0070  |Y 804  |7 A000002273 
856 4 |u http://is.stuba.sk/zp/portal_zp.pl?podrobnosti=133310 
996 |b 284J045483  |c J* 2843/DBP  |l JJSK  |s A  |a 24  |w stuzp70584_0001